The Logic of practices in Pierre Bourdieu /
Guardado en:
| Hovedforfatter: | |
|---|---|
| Format: | Texto |
| Fag: | |
| Tags: |
Tilføj Tag
Ingen Tags, Vær først til at tagge denne postø!
|
MARC
| LEADER | 00000 a a2200000 04500 | ||
|---|---|---|---|
| 001 | 4754 | ||
| 003 | |||
| 040 | |||
| 100 | |a Costa, Ricardo L. | ||
| 245 | |a The Logic of practices in Pierre Bourdieu / |c Ricardo L. Costa | ||
| 650 | |a TEORIA | ||
| 650 | |a TEORIA SOCIAL | ||
| 650 | |a AUTORES | ||
| 650 | |a OBLIGACIONES | ||
| 650 | |a POLITICA | ||
| 650 | |a ARGENTINA | ||
| 773 | |g volumen 54, número 6; páginas 873-895 | ||
| 999 | |c 24187 |d 24187 | ||
